000 00442nam a22001817a 4500
003 MPLRDC
005 20220104123853.0
008 210129b ||||| |||| 00| 0 eng d
020 _a957-9441-56-1
082 _a563.5 ZRC
100 _a章荣春
245 _a投资股票三大法宝
_c
250 _a初版
260 _a
_b华智文化事业有限公司
_c1996
300 _b
650 _a投资; 理财
942 _cBK
_o563.5 ZRC
999 _c14845
_d14835